| 000 | 00642nam a22002057a 4500 | ||
|---|---|---|---|
| 003 | OSt | ||
| 005 | 20260422020059.0 | ||
| 008 | 260422b |||||||| |||| 00| 0 eng d | ||
| 020 | _a0-688-15994-X | ||
| 040 |
_aDWCL-Main lib _cOC |
||
| 082 | _aCirc. 222.106 S253 1997 | ||
| 100 | _aSatinover, Jeffrey M.D. | ||
| 245 |
_aCracking the bible code/ _cSatinover, Jeffrey M.D. |
||
| 260 |
_aNew York : _bQuill, _cc1997. |
||
| 300 |
_axvii, _b346 p. ; _c23 cm. |
||
| 650 | _a1. Bible O.T. Pentateuch-Data processing. | ||
| 650 | _a2. Bible O.T. Pentateuch-Inspiration. | ||
| 650 | _a3. Ciphers in the Bible. | ||
| 942 |
_2ddc _cBK-CIRC _hCirc. _n0 |
||
| 999 |
_c9647 _d9647 |
||